[Event "XX C.to Mondiale Seniores"]
[Site "Arco ITA"]
[Date "2010.11.06"]
[Round "11"]
[White "Davydov, Mihail"]
[Black "Bjorgvik, Jan Arne"]
[WhiteElo "2032"]
[BlackElo "1913"]
[Result "1/2-1/2"]
[PlyCount "28"]
[EventDate "2010.10.26"]

1. e4 c6 2. d4 d5 3. e5 e6 4. Bd3 c5 5. c3 Nc6 6. Ne2 cxd4 7. cxd4 Bb4+ 8. Bd2
Qb6 9. Bxb4 Qxb4+ 10. Qd2 Bd7 11. Qxb4 Nxb4 12. Kd2 Rc8 13. Nbc3 Nxd3 14. Kxd3
Ne7 1/2-1/2

[Event "XX C.to Mondiale Seniores"]
[Site "Arco ITA"]
[Date "2010.11.06"]
[Round "11"]
[White "Diehl, Klaus"]
[Black "Belliard, Luis"]
[WhiteElo "2103"]
[BlackElo "2218"]
[Result "0-1"]
[PlyCount "66"]
[EventDate "2010.10.26"]

1. Nf3 c5 2. c4 g6 3. g3 Bg7 4. Bg2 Nc6 5. Nc3 e5 6. d3 d6 7. Bg5 f6 8. Bd2 f5
9. Bg5 Nf6 10. Qd2 O-O 11. O-O-O Be6 12. Bh6 Bxh6 13. Qxh6 Ng4 14. Qd2 Nxf2 15.
Ng5 Bd7 16. h4 Nxd1 17. Kxd1 Kg7 18. h5 h6 19. Nh7 g5 20. Nxf8 Qxf8 21. Rf1 Qe8
22. Nb5 Qe7 23. e3 Rf8 24. Qc3 Be8 25. g4 fxg4 26. Ke1 Rxf1+ 27. Kxf1 Bxh5 28.
Qe1 Bg6 29. Ke2 h5 30. Qg3 Qd7 31. Nc3 h4 32. Qf2 g3 33. Qf1 Qf7 0-1

[Event "XX C.to Mondiale Seniores"]
[Site "Arco ITA"]
[Date "2010.11.06"]
[Round "11"]
[White "Eperjesi, Laszlo"]
[Black "Biller, Helmut"]
[WhiteElo "2194"]
[BlackElo "2135"]
[Result "1/2-1/2"]
[PlyCount "24"]
[EventDate "2010.10.26"]

1. d4 d5 2. c4 c6 3. cxd5 cxd5 4. Nc3 Nf6 5. Bf4 Nc6 6. e3 Bf5 7. Nf3 e6 8. Bd3
Bxd3 9. Qxd3 Bd6 10. Bg5 O-O 11. O-O a6 12. Rac1 Rc8 1/2-1/2

[Event "XX C.to Mondiale Seniores"]
[Site "Arco ITA"]
[Date "2010.11.06"]
[Round "11"]
[White "Gruzmann, Boris"]
[Black "Westerinen, Heikki M.J."]
[WhiteElo "2236"]
[BlackElo "2365"]
[Result "1/2-1/2"]
[PlyCount "74"]
[EventDate "2010.10.26"]

1. e4 e6 2. d4 d5 3. e5 Bd7 4. Nf3 a6 5. Bg5 Ne7 6. Bd3 Bb5 7. O-O Bxd3 8. Qxd3
h6 9. Be3 Nf5 10. Nbd2 Be7 11. c3 O-O 12. g4 Nxe3 13. fxe3 c5 14. Rf2 Nc6 15.
Raf1 b5 16. Rg2 b4 17. h4 bxc3 18. bxc3 cxd4 19. exd4 g6 20. Rh2 Rc8 21. Rff2
Na5 22. Rh3 Qc7 23. Ne1 Nc4 24. Nf1 Rb8 25. Ng2 Qb6 26. Nf4 Qb1 27. Rc2 Kh8 28.
Rhh2 Rb6 29. Qe2 Rfb8 30. Nd3 Kg7 31. Rc1 Qb5 32. Qf3 Qe8 33. Kg2 Rb1 34. Rxb1
Rxb1 35. Kh3 a5 36. Ng3 a4 37. Rf2 a3 1/2-1/2

[Event "XX C.to Mondiale Seniores"]
[Site "Arco ITA"]
[Date "2010.11.06"]
[Round "11"]
[White "Gutkin, Boris"]
[Black "Welz, Peter"]
[WhiteElo "2275"]
[BlackElo "2156"]
[Result "1/2-1/2"]
[PlyCount "96"]
[EventDate "2010.10.26"]

1. d4 f5 2. Nf3 Nf6 3. g3 g6 4. Bg2 Bg7 5. O-O O-O 6. c4 d6 7. Nc3 Nc6 8. d5
Ne5 9. Nxe5 dxe5 10. Qb3 h6 11. e4 f4 12. gxf4 exf4 13. Bxf4 Nxe4 14. Bxc7 Qxc7
15. Nxe4 Qe5 16. Rab1 Bf5 17. Rfe1 Qd4 18. Red1 Qe5 19. Qg3 Rac8 20. b3 b6 21.
Re1 a5 22. Rbd1 Qxg3 23. hxg3 Rcd8 24. c5 bxc5 25. Nxc5 Rc8 26. Ne6 Bxe6 27.
Rxe6 Rc2 28. f4 Bf6 29. a4 g5 30. d6 exd6 31. Rdxd6 Kg7 32. Bd5 gxf4 33. Rd7+
Kh8 34. gxf4 h5 35. Be4 Rc1+ 36. Kh2 Bg7 37. Ree7 Rxf4 38. Re8+ Rf8 39. Rxf8+
Bxf8 40. Rh7+ Kg8 41. Rxh5 Bb4 42. Rf5 Kg7 43. Kg2 Rc3 44. Bd5 Kg6 45. Rf4 Kg5
46. Rf1 Rd3 47. Bc4 Rd4 48. Rf7 Rf4 1/2-1/2

[Event "XX C.to Mondiale Seniores"]
[Site "Arco ITA"]
[Date "2010.11.06"]
[Round "11"]
[White "Hammar, Bengt"]
[Black "Garcia, Raimundo"]
[WhiteElo "2240"]
[BlackElo "2331"]
[Result "1/2-1/2"]
[PlyCount "74"]
[EventDate "2010.10.26"]

1. c4 c5 2. Nc3 g6 3. g3 Bg7 4. Bg2 Nc6 5. Nf3 e6 6. b3 Nge7 7. Bb2 O-O 8. Na4
e5 9. d3 d6 10. O-O a6 11. Nc3 h6 12. Nd2 Rb8 13. Nd5 Be6 14. Nxe7+ Nxe7 15.
Ne4 b6 16. Nc3 Qd7 17. Nd5 Nxd5 18. cxd5 Bh3 19. e4 Bxg2 20. Kxg2 f5 21. f3 h5
22. h3 Rf7 23. Qe2 Rbf8 24. Rad1 b5 25. Bc3 b4 26. Bd2 f4 27. g4 a5 28. a4 Bf6
29. Be1 Rh7 30. Bf2 Kf7 31. Rh1 Rfh8 32. Rdg1 Qd8 33. Qc2 Bh4 34. Qe2 Qg5 35.
Qe1 Bxf2 36. Qxf2 hxg4 37. hxg4 Rh6 1/2-1/2

[Event "XX C.to Mondiale Seniores"]
[Site "Arco ITA"]
[Date "2010.11.06"]
[Round "11"]
[White "Jansa, Vlastimil"]
[Black "Dydyshko, Viacheslav"]
[WhiteElo "2499"]
[BlackElo "2547"]
[Result "1/2-1/2"]
[PlyCount "45"]
[EventDate "2010.10.26"]

1. e4 c5 2. Nf3 d6 3. d4 cxd4 4. Nxd4 Nf6 5. Nc3 a6 6. Be2 e5 7. Nb3 Be7 8. O-O
O-O 9. Be3 Be6 10. Qd2 Nbd7 11. a4 Rc8 12. a5 Qc7 13. Rfd1 h6 14. f3 Rfd8 15.
Qe1 Qc6 16. Qg3 Kf8 17. Bd3 d5 18. exd5 Nxd5 19. Nxd5 Bxd5 20. Nd2 Bc5 21. Qf2
Bxe3 22. Qxe3 Qc5 23. Nf1 1/2-1/2

[Event "XX C.to Mondiale Seniores"]
[Site "Arco ITA"]
[Date "2010.11.06"]
[Round "11"]
[White "Lederman, Leon"]
[Black "Klundt, Klaus"]
[WhiteElo "2255"]
[BlackElo "2355"]
[Result "1/2-1/2"]
[PlyCount "70"]
[EventDate "2010.10.26"]

1. e4 c5 2. Nf3 Nc6 3. d4 cxd4 4. Nxd4 e5 5. Nb5 a6 6. Nd6+ Bxd6 7. Qxd6 Qe7 8.
Qd1 Nf6 9. Nc3 h6 10. Be3 O-O 11. Be2 d6 12. O-O Be6 13. Qd2 Qc7 14. f4 exf4
15. Bxf4 Ne8 16. Rf3 Ne5 17. Rg3 Ng6 18. Be3 Rd8 19. Rf1 Qe7 20. Nd5 Bxd5 21.
exd5 Nf6 22. Qd4 Nd7 23. c4 Rfe8 24. b4 Qe5 25. Bd3 Qxd4 26. Bxd4 Nde5 27. Bb6
Rc8 28. c5 Nxd3 29. Rxd3 Ne5 30. Re3 Nd7 31. Rxe8+ Rxe8 32. Rc1 Rc8 33. Ba7 Ra8
34. Bb6 Rc8 35. Ba7 Ra8 1/2-1/2

[Event "XX C.to Mondiale Seniores"]
[Site "Arco ITA"]
[Date "2010.11.06"]
[Round "11"]
[White "Lucena, Lincoln"]
[Black "Trois, Francisco R.T."]
[WhiteElo "2129"]
[BlackElo "2309"]
[Result "1/2-1/2"]
[PlyCount "34"]
[EventDate "2010.10.26"]

1. e4 e5 2. Nf3 Nc6 3. Bb5 a6 4. Ba4 Nf6 5. O-O Be7 6. Re1 b5 7. Bb3 d6 8. c3
O-O 9. h3 Na5 10. Bc2 c5 11. d4 Qc7 12. Nbd2 Nc6 13. d5 Nd8 14. Nf1 Ne8 15. Ng3
g6 16. Bh6 Ng7 17. Qd2 f6 1/2-1/2

[Event "XX C.to Mondiale Seniores"]
[Site "Arco ITA"]
[Date "2010.11.06"]
[Round "11"]
[White "Mesiarik, Rudolf"]
[Black "Gundersen, Helge"]
[WhiteElo "2173"]
[BlackElo "2230"]
[Result "1/2-1/2"]
[PlyCount "41"]
[EventDate "2010.10.26"]

1. Nf3 e6 2. g3 f5 3. Bg2 Nf6 4. c4 Be7 5. O-O O-O 6. d4 c6 7. Nc3 d5 8. Ne5
Ne4 9. f3 Nxc3 10. bxc3 Nd7 11. Nxd7 Bxd7 12. Rb1 b6 13. Qd3 Rc8 14. e4 fxe4
15. fxe4 Rxf1+ 16. Qxf1 dxc4 17. Qxc4 b5 18. Qb3 c5 19. Be3 Bg5 20. Bf2 c4 21.
Qd1 1/2-1/2

[Event "XX C.to Mondiale Seniores"]
[Site "Arco ITA"]
[Date "2010.11.06"]
[Round "11"]
[White "Pavlov, Mircea Sergiu"]
[Black "Micheli, Carlo"]
[WhiteElo "2362"]
[BlackElo "2263"]
[Result "1/2-1/2"]
[PlyCount "47"]
[EventDate "2010.10.26"]

1. e4 c5 2. Nf3 e6 3. d4 cxd4 4. Nxd4 Qb6 5. Nb3 Qc7 6. f4 d6 7. Be3 Nf6 8.
N1d2 b6 9. Bd3 Nbd7 10. g4 g6 11. g5 Nh5 12. Qf3 Bb7 13. O-O-O d5 14. exd5
O-O-O 15. Rhe1 Nc5 16. Nxc5 Bxc5 17. Bxc5 Qxc5 18. Re5 Kb8 19. Ne4 Bxd5 20. Kb1
Qb4 21. Qe3 Bb7 22. c3 Qa4 23. Rd2 Rd5 24. c4 1/2-1/2

[Event "XX C.to Mondiale Seniores"]
[Site "Arco ITA"]
[Date "2010.11.06"]
[Round "11"]
[White "Plachetka, Jan"]
[Black "Santos, Julio"]
[WhiteElo "2345"]
[BlackElo "2057"]
[Result "1-0"]
[PlyCount "57"]
[EventDate "2010.10.26"]

1. e4 e5 2. Nf3 Nc6 3. Bb5 a6 4. Ba4 Nf6 5. O-O Be7 6. Re1 b5 7. Bb3 d6 8. c3
O-O 9. h3 Na5 10. Bc2 c5 11. d4 Qc7 12. Nbd2 Bd7 13. Nf1 cxd4 14. cxd4 Rac8 15.
Ne3 Nc4 16. Nxc4 Qxc4 17. Bd3 Qc7 18. Bd2 Ne8 19. Rc1 Qb8 20. Qe2 Bf6 21. Rxc8
Bxc8 22. Bb4 exd4 23. e5 Bd8 24. Nxd4 Bd7 25. e6 fxe6 26. Nxe6 Rf6 27. Ng5 Bb6
28. Bxh7+ Kf8 29. Qe7# 1-0

[Event "XX C.to Mondiale Seniores"]
[Site "Arco ITA"]
[Date "2010.11.06"]
[Round "11"]
[White "Pushkov, Nikolai"]
[Black "Jacobsen, Bo"]
[WhiteElo "2466"]
[BlackElo "2317"]
[Result "1-0"]
[PlyCount "71"]
[EventDate "2010.10.26"]

1. Nf3 Nf6 2. g3 g6 3. b3 Bg7 4. Bb2 c5 5. c4 Nc6 6. Bg2 d6 7. d4 O-O 8. d5 Na5
9. O-O a6 10. Nbd2 b5 11. Re1 Rb8 12. Bc3 e6 13. dxe6 Bxe6 14. Ng5 Bf5 15. e4
Bc8 16. Qc2 bxc4 17. Nxc4 Nxc4 18. bxc4 h6 19. Nf3 Be6 20. Rad1 Qb6 21. h3 Rfe8
22. Nd2 Nd7 23. Rb1 Qc7 24. f4 Rxb1 25. Rxb1 Bxc3 26. Qxc3 Rb8 27. Rf1 Nf8 28.
f5 Bd7 29. g4 Bc6 30. Rd1 Re8 31. Qd3 a5 32. Nf1 Qe7 33. Ng3 Ba4 34. Rd2 Rd8
35. Qc3 Ra8 36. e5 1-0

[Event "XX C.to Mondiale Seniores"]
[Site "Arco ITA"]
[Date "2010.11.06"]
[Round "11"]
[White "Rajkovic, Dusan"]
[Black "Filipenko, Alexander V."]
[WhiteElo "2443"]
[BlackElo "2327"]
[Result "0-1"]
[PlyCount "69"]
[EventDate "2010.10.26"]

1. d4 d5 2. c4 c6 3. Nf3 Nf6 4. e3 Bg4 5. h3 Bh5 6. Nc3 e6 7. Qb3 Qb6 8. g4 Bg6
9. Qxb6 axb6 10. Ne5 Nbd7 11. Nxg6 hxg6 12. g5 Ng8 13. f3 Bb4 14. Bd2 Ne7 15.
a3 Nf5 16. Kf2 Be7 17. cxd5 exd5 18. Rg1 b5 19. Rd1 Rh5 20. f4 Nb6 21. Be2 Rh8
22. Bg4 Nc4 23. Bc1 b4 24. axb4 Bxb4 25. e4 dxe4 26. Nxe4 O-O-O 27. Ng3 Rd5 28.
b3 Ncd6 29. Bd2 Rxd4 30. Bc1 Bc5 31. Kg2 Kc7 32. Rxd4 Bxd4 33. Re1 Rd8 34. Ne2
Re8 35. Rd1 0-1

[Event "XX C.to Mondiale Seniores"]
[Site "Arco ITA"]
[Date "2010.11.06"]
[Round "11"]
[White "Roth, Peter"]
[Black "Bogdanov, Valentin"]
[WhiteElo "2260"]
[BlackElo "2393"]
[Result "0-1"]
[PlyCount "88"]
[EventDate "2010.10.26"]

1. e4 Nf6 2. Nc3 d5 3. e5 Ne4 4. Qf3 f5 5. d3 Nxc3 6. bxc3 e6 7. d4 c5 8. Bb5+
Bd7 9. Bxd7+ Qxd7 10. Ne2 Nc6 11. O-O Be7 12. Be3 O-O 13. Qg3 Rac8 14. Rad1 Na5
15. dxc5 Bxc5 16. Bxc5 Rxc5 17. Rd4 Rc4 18. Rxc4 Nxc4 19. Nd4 Rc8 20. Rd1 Na5
21. Rd3 Rc4 22. f3 Nc6 23. Nb3 f4 24. Qg5 h6 25. Qh5 Qf7 26. Qxf7+ Kxf7 27. Nd2
Ra4 28. c4 Nxe5 29. Rb3 Nxc4 30. Rxb7+ Kf6 31. Nxc4 Rxc4 32. Rxa7 Rxc2 33. a4
Ra2 34. a5 g5 35. a6 Ke5 36. Ra8 Kd4 37. a7 Ke3 38. h3 d4 39. Re8 Ra1+ 40. Kh2
Rxa7 41. Rxe6+ Kd2 42. Rxh6 Rd7 43. Rh5 d3 44. Rxg5 Ke2 0-1

[Event "XX C.to Mondiale Seniores"]
[Site "Arco ITA"]
[Date "2010.11.06"]
[Round "11"]
[White "Ruckschloss, Karol"]
[Black "Grinberg, Iosif P."]
[WhiteElo "2293"]
[BlackElo "2217"]
[Result "1-0"]
[PlyCount "53"]
[EventDate "2010.10.26"]

1. c4 Nf6 2. d4 c6 3. Nf3 d5 4. e3 Bf5 5. Nc3 e6 6. Be2 h6 7. Ne5 Nbd7 8. f4
Ne4 9. O-O dxc4 10. Nxe4 Bxe4 11. Bxc4 Nxe5 12. fxe5 Qg5 13. Qe2 Be7 14. Rf4
Bg6 15. Bd2 Bd8 16. Bb4 a5 17. Bd6 h5 18. Raf1 Be7 19. h4 Qh6 20. Bxe7 Kxe7 21.
Qf3 Rhf8 22. e4 b5 23. Qa3+ b4 24. Qf3 Kd8 25. d5 Bxe4 26. Qxe4 cxd5 27. Bxd5
1-0

[Event "XX C.to Mondiale Seniores"]
[Site "Arco ITA"]
[Date "2010.11.06"]
[Round "11"]
[White "Scarpellini, Felice"]
[Black "Trifoni, Giorgio"]
[WhiteElo "1809"]
[BlackElo "1691"]
[Result "1/2-1/2"]
[PlyCount "58"]
[EventDate "2010.10.26"]

1. c4 b6 2. Nc3 Bb7 3. e4 e6 4. Nf3 Bb4 5. d3 Bxc3+ 6. bxc3 Ne7 7. Be2 d6 8.
O-O Nd7 9. Be3 h6 10. Qc2 g5 11. d4 c5 12. d5 e5 13. Ne1 Ng6 14. g3 h5 15. Qd2
g4 16. f3 gxf3 17. Nxf3 f6 18. h4 Qe7 19. Kh2 O-O-O 20. Ng1 Rdg8 21. Rf5 Kb8
22. Rxh5 Rxh5 23. Bxh5 Qg7 24. Qf2 Ba6 25. Be2 Qh7 26. Qf5 Bc8 27. Qh5 Qg7 28.
Qf3 Rh8 29. Bf2 Ngf8 1/2-1/2

[Event "XX C.to Mondiale Seniores"]
[Site "Arco ITA"]
[Date "2010.11.06"]
[Round "11"]
[White "Shamis, Mordehay"]
[Black "Hohler, Peter"]
[WhiteElo "2096"]
[BlackElo "2193"]
[Result "1/2-1/2"]
[PlyCount "46"]
[EventDate "2010.10.26"]

1. e4 e5 2. Nf3 Nc6 3. Bb5 a6 4. Ba4 Nf6 5. O-O Be7 6. Re1 b5 7. Bb3 d6 8. h3
Na5 9. c3 Nxb3 10. Qxb3 Bb7 11. Qc2 c5 12. d3 O-O 13. Nbd2 Nd7 14. Nf1 Bf6 15.
Be3 d5 16. Ng3 d4 17. Bd2 g6 18. Rad1 Bg7 19. Qc1 Rc8 20. Bh6 Qb6 21. Bxg7 Kxg7
22. h4 Kh8 23. h5 Qf6 1/2-1/2

[Event "XX C.to Mondiale Seniores"]
[Site "Arco ITA"]
[Date "2010.11.06"]
[Round "11"]
[White "Shvedchikov, Anatoli I."]
[Black "Kaufman, Larry C."]
[WhiteElo "2421"]
[BlackElo "2413"]
[Result "0-1"]
[PlyCount "80"]
[EventDate "2010.10.26"]

1. Nf3 Nf6 2. d4 g6 3. c4 Bg7 4. Nc3 d5 5. Bg5 Ne4 6. cxd5 Nxg5 7. Nxg5 e6 8.
Qd2 h6 9. Nf3 exd5 10. e3 O-O 11. Be2 a5 12. b3 c6 13. O-O Re8 14. a3 Bf8 15.
Ne5 Kg7 16. Bd3 Bd6 17. f4 Nd7 18. Qc2 Nf8 19. Rf3 c5 20. Nb5 cxd4 21. exd4 Bb8
22. Rc1 Bd7 23. Qc5 Ne6 24. Qc3 Bxb5 25. Bxb5 Ba7 26. Rd1 Rc8 27. Qb2 Rf8 28.
Nd7 Nc7 29. Qe2 Re8 30. Ne5 Re7 31. f5 f6 32. Rg3 g5 33. Qh5 Rxe5 34. Qg6+ Kf8
35. Qxh6+ Ke7 36. Rxg5 Nxb5 37. Rg7+ Kd6 38. Rxb7 Bxd4+ 39. Kh1 Kc6 40. Rf7 Nd6
0-1

[Event "XX C.to Mondiale Seniores"]
[Site "Arco ITA"]
[Date "2010.11.06"]
[Round "11"]
[White "Simon Padros, Emili"]
[Black "Timoscenko, Gennadij A."]
[WhiteElo "2241"]
[BlackElo "2499"]
[Result "0-1"]
[PlyCount "48"]
[EventDate "2010.10.26"]

1. e4 e5 2. Nf3 Nc6 3. Bb5 a6 4. Ba4 Nf6 5. O-O Be7 6. Re1 b5 7. Bb3 O-O 8. d4
Nxd4 9. Bxf7+ Rxf7 10. Nxe5 Rf8 11. Qxd4 c5 12. Qd1 Bb7 13. Nc3 Qe8 14. Ng4 b4
15. Nxf6+ Bxf6 16. Nd5 Bd4 17. Bf4 Bxb2 18. Rb1 Bd4 19. Be3 Qxe4 20. c4 bxc3
21. Rxb7 Qxd5 22. Rb3 Qc4 23. Qg4 Rae8 24. Qxd7 Rxe3 0-1

[Event "XX C.to Mondiale Seniores"]
[Site "Arco ITA"]
[Date "2010.11.06"]
[Round "11"]
[White "Strand, Oyvin"]
[Black "Sevenyuk, Alexey"]
[WhiteElo "1978"]
[BlackElo "1920"]
[Result "1-0"]
[PlyCount "53"]
[EventDate "2010.10.26"]

1. d4 f5 2. e3 Nf6 3. Bd3 b6 4. Bxf5 e6 5. Bd3 Bb7 6. Nf3 Be7 7. c4 O-O 8. Nc3
c5 9. O-O Ng4 10. Ne5 Nxe5 11. dxe5 Bh4 12. f4 Qe8 13. Qg4 Be7 14. Ne4 Nc6 15.
a3 Na5 16. Bd2 Nb3 17. Rad1 Nxd2 18. Rxd2 Kh8 19. Rf3 Qg6 20. Qxg6 hxg6 21. Rg3
Kg8 22. Rxg6 Kf7 23. Nd6+ Bxd6 24. exd6 Rh8 25. Rf2 Rh5 26. Rg4 Rah8 27. Bg6+
1-0

[Event "XX C.to Mondiale Seniores"]
[Site "Arco ITA"]
[Date "2010.11.06"]
[Round "11"]
[White "Tribuiani, Renato"]
[Black "Weyand, Fernand"]
[WhiteElo "2076"]
[BlackElo "1843"]
[Result "1-0"]
[PlyCount "27"]
[EventDate "2010.10.26"]

1. e4 c6 2. d4 d5 3. e5 c5 4. Nc3 Nc6 5. Bb5 e6 6. Nf3 Bd7 7. O-O cxd4 8. Nxd4
Nxe5 9. Re1 Bxb5 10. Ndxb5 Bd6 11. Nxd5 Bb8 12. Bf4 Nd7 13. Nbc7+ Kf8 14. Bd6+
1-0

[Event "XX C.to Mondiale Seniores"]
[Site "Arco ITA"]
[Date "2010.11.06"]
[Round "11"]
[White "Van Den Berg, Adrianus M.J."]
[Black "Wittmann, Walter"]
[WhiteElo "2202"]
[BlackElo "2303"]
[Result "1/2-1/2"]
[PlyCount "33"]
[EventDate "2010.10.26"]

1. e4 c5 2. Nc3 d6 3. Nge2 Nc6 4. g3 e6 5. Bg2 Nf6 6. O-O Be7 7. f4 Bd7 8. h3
h5 9. d3 a6 10. Be3 Qc7 11. Qd2 Rc8 12. Rf2 b5 13. Raf1 b4 14. Nd1 d5 15. Qe1
dxe4 16. dxe4 Nd4 17. e5 1/2-1/2

[Event "XX C.to Mondiale Seniores"]
[Site "Arco ITA"]
[Date "2010.11.06"]
[Round "11"]
[White "Van Riemsdijk, Herman C."]
[Black "Wahlbom, Magnus"]
[WhiteElo "2390"]
[BlackElo "2282"]
[Result "1-0"]
[PlyCount "69"]
[EventDate "2010.10.26"]

1. e4 e6 2. d4 d5 3. Nc3 Bb4 4. Nge2 Nf6 5. e5 Nfd7 6. a3 Be7 7. f4 O-O 8. Be3
c5 9. g3 Nc6 10. Bg2 b6 11. Nb5 Ba6 12. a4 cxd4 13. Nexd4 Nxd4 14. Bxd4 Nc5 15.
Qe2 Qd7 16. b3 Ne4 17. O-O Rac8 18. Bxe4 dxe4 19. Rad1 Qc6 20. c4 Ra8 21. Be3
Bc5 22. Qf2 Be7 23. Nd6 Rfd8 24. f5 Bxd6 25. fxe6 Bc5 26. Rxd8+ Rxd8 27. e7
Bxe7 28. Qxf7+ Kh8 29. Qxe7 Rg8 30. Qxa7 Bc8 31. Qxb6 Qe8 32. e6 Bxe6 33. Rf4
Bh3 34. Qc5 Qd7 35. Qd5 1-0

[Event "XX C.to Mondiale Seniores"]
[Site "Arco ITA"]
[Date "2010.11.06"]
[Round "11"]
[White "Vrhovnik, Damir"]
[Black "Sloth, Jorn"]
[WhiteElo "2066"]
[BlackElo "2302"]
[Result "1/2-1/2"]
[PlyCount "65"]
[EventDate "2010.10.26"]

1. Nf3 Nf6 2. c4 b6 3. g3 Bb7 4. Bg2 e6 5. O-O g6 6. b3 Bg7 7. Bb2 O-O 8. e3 d5
9. Qe2 c5 10. Rd1 dxc4 11. bxc4 Nc6 12. Nc3 Rc8 13. Ne5 Nd7 14. Nxc6 Bxc6 15.
Bxc6 Rxc6 16. d4 cxd4 17. exd4 Re8 18. Rac1 a6 19. Qd3 Rd6 20. Ne2 b5 21. c5
Rd5 22. Nf4 Rf5 23. c6 Nb6 24. Ba1 Qd6 25. Qe4 Rc8 26. Nd3 Qd5 27. Qxd5 Rxd5
28. Nb4 Rd6 29. Nxa6 Rdxc6 30. Rxc6 Rxc6 31. Nc5 Nd5 32. a4 e5 33. Nb3 1/2-1/2

[Event "XX C.to Mondiale Seniores"]
[Site "Arco ITA"]
[Date "2010.11.06"]
[Round "11"]
[White "Zakharchenko, Arnold"]
[Black "Cebalo, Miso"]
[WhiteElo "2192"]
[BlackElo "2493"]
[Result "0-1"]
[PlyCount "87"]
[EventDate "2010.10.26"]

1. d4 Nf6 2. c4 e6 3. Nf3 c5 4. d5 d6 5. Nc3 exd5 6. cxd5 g6 7. Bf4 a6 8. a4
Bg7 9. h3 O-O 10. e3 Qe7 11. Be2 Nbd7 12. Nd2 Ne8 13. O-O Ne5 14. Qb3 f5 15. a5
g5 16. Bxe5 Bxe5 17. Nc4 Nf6 18. Rae1 g4 19. f4 Bxc3 20. bxc3 gxh3 21. gxh3 Bd7
22. Qb6 Ne4 23. Bf3 Bb5 24. Bxe4 Bxc4 25. Bg2 Bxf1 26. Kxf1 Kh8 27. Qb1 Rf6 28.
c4 Rg8 29. Qb2 Qg7 30. Re2 Rg6 31. Bf3 Rg1+ 32. Kf2 Ra1 33. e4 fxe4 34. Qxg7+
Kxg7 35. Rxe4 Rf8 36. Kg3 Rxa5 37. Bh5 b5 38. Kg4 Ra1 39. Re7+ Kh8 40. Kg5 Rf1
41. cxb5 R1xf4 42. bxa6 R8f5+ 43. Kh6 Rf6+ 44. Kg5 0-1

[Event "XX C.to Mondiale Seniores femminile"]
[Site "Arco ITA"]
[Date "2010.10.26"]
[Round "1"]
[White "Blagonadezhnaya, Ideya"]
[Black "Fatalibekova, Elena"]
[Result "0-1"]
[WhiteElo "1958"]
[BlackElo "2270"]
[PlyCount "122"]
[EventDate "2010.10.26"]

1. e4 c5 2. Nf3 Nc6 3. d4 cxd4 4. Nxd4 g6 5. Nxc6 bxc6 6. c4 Bg7 7. Bd3 Nf6 8.
O-O O-O 9. Nc3 d5 10. cxd5 cxd5 11. exd5 Nxd5 12. Nxd5 Qxd5 13. Qc2 Bb7 14. f3
Rfd8 15. Be4 Qe6 16. Bd3 Rxd3 17. Qxd3 Ba6 18. Qe4 Qxe4 19. fxe4 Bd4+ 20. Rf2
Rc8 21. Bf4 Rc2 22. Bg3 Rxb2 23. Rd1 Bb6 24. h3 Rxa2 25. Rb1 Bc4 26. Rb4 Rc2
27. Rxb6 Rc1+ 28. Kh2 axb6 29. Bc7 b5 30. Bd8 Kf8 31. Rd2 b4 32. Ba5 b3 33. Kg3
f6 34. Bb4 Be6 35. Ba3 Ra1 36. Bb2 Re1 37. Kf3 h5 38. Rd8+ Kf7 39. Rb8 h4 40.
Rb7 Rd1 41. Ke2 Rd7 42. Rb4 Rc7 43. Bd4 Rc2+ 44. Kf3 g5 45. Ba1 Ra2 46. Bd4 Rd2
47. Ba1 Rc2 48. Rb6 Bc4 49. Bd4 e5 50. Rb7+ Ke8 51. Ba1 Kd8 52. Rb6 Kc7 53. Rb4
Kc6 54. Rb8 Bb5 55. Rc8+ Kd7 56. Rxc2 bxc2 57. Bb2 Kc6 58. g3 hxg3 59. Kxg3 Bd3
60. Kf3 Kc5 61. h4 gxh4 0-1

[Event "XX C.to Mondiale Seniores femminile"]
[Site "Arco ITA"]
[Date "2010.10.26"]
[Round "1"]
[White "Fomina, Tatyana V."]
[Black "Volskaya, Vera"]
[Result "1-0"]
[WhiteElo "2256"]
[BlackElo "1948"]
[PlyCount "99"]
[EventDate "2010.10.26"]

1. e4 c6 2. c4 d5 3. exd5 cxd5 4. cxd5 Qxd5 5. Nc3 Qe5+ 6. Be2 Nf6 7. Nf3 Qa5
8. d4 e6 9. O-O Be7 10. Re1 O-O 11. Ne5 Nd5 12. Bd2 Nc6 13. Nxd5 Qxd5 14. Bc3
Qd8 15. Bf3 Nb4 16. Qb3 Nd5 17. Rad1 a5 18. a4 Ra6 19. Nc4 Bf6 20. Ne3 Rb6 21.
Qc2 Rc6 22. Ng4 Rd6 23. Nxf6+ Nxf6 24. b4 b6 25. bxa5 bxa5 26. Re5 Nd5 27. Qd2
Qd7 28. Bxd5 Rxd5 29. Rxd5 Qxd5 30. Bxa5 Bb7 31. f3 Ra8 32. Rb1 Rxa5 33. Rxb7
h6 34. Rb8+ Kh7 35. Qd3+ g6 36. Rb5 Rxb5 37. axb5 e5 38. Qe4 Qxb5 39. Qxe5 Qxe5
40. dxe5 g5 41. Kf2 Kg6 42. Ke3 Kf5 43. Kd4 f6 44. g4+ Ke6 45. exf6 Kxf6 46.
Kd5 h5 47. h3 Kg6 48. Ke6 Kh6 49. Kf6 h4 50. Kf5 1-0

[Event "XX C.to Mondiale Seniores femminile"]
[Site "Arco ITA"]
[Date "2011.04.27"]
[Round "2"]
[White "Benova, Zita"]
[Black "Smith, Vivian J."]
[Result "1/2-1/2"]
[WhiteElo "1750"]
[BlackElo "1827"]
[PlyCount "49"]
[EventDate "2010.10.26"]

1. e4 c5 2. Nf3 g6 3. Bc4 Bg7 4. c3 e6 5. d3 Ne7 6. O-O O-O 7. Be3 Qc7 8. Qd2
a6 9. Bb3 b6 10. Bh6 Bb7 11. Bxg7 Kxg7 12. Qe2 Nbc6 13. Nbd2 b5 14. Rac1 Ne5
15. Nxe5 Qxe5 16. f4 Qc7 17. Bc2 f5 18. e5 Rac8 19. c4 Nc6 20. Qf2 Nd4 21. Bd1
b4 22. Bf3 a5 23. Bxb7 Qxb7 24. Nf3 Nxf3+ 25. Qxf3 1/2-1/2

[Event "XX C.to Mondiale Seniores femminile"]
[Site "Arco ITA"]
[Date "2011.04.27"]
[Round "2"]
[White "Di Cicco, Daniela"]
[Black "Chireykina, Natalia W."]
[Result "1/2-1/2"]
[WhiteElo "1539"]
[BlackElo "1799"]
[PlyCount "62"]
[EventDate "2010.10.26"]

1. d4 d6 2. h3 g6 3. Nf3 Bg7 4. Bf4 Nf6 5. e3 O-O 6. Bd3 c5 7. c3 Be6 8. O-O c4
9. Bc2 Qa5 10. Nbd2 b5 11. Re1 b4 12. cxb4 Qxb4 13. Qc1 Rc8 14. a3 Qa5 15. Qb1
Nbd7 16. e4 Nb6 17. b4 cxb3 18. Nxb3 Qh5 19. Ng5 h6 20. Nxe6 fxe6 21. Bd1 Qb5
22. Be2 Qa4 23. e5 Nfd5 24. Bd2 Qe8 25. Bd3 g5 26. exd6 exd6 27. Bh7+ Kh8 28.
Qg6 Nc4 29. Bb4 Qxg6 30. Bxg6 Nxb4 31. axb4 e5 1/2-1/2

[Event "XX C.to Mondiale Seniores femminile"]
[Site "Arco ITA"]
[Date "2011.04.27"]
[Round "2"]
[White "Fatalibekova, Elena"]
[Black "Borisova, Borislava"]
[Result "1/2-1/2"]
[WhiteElo "2270"]
[BlackElo "2096"]
[PlyCount "97"]
[EventDate "2010.10.26"]

1. e4 e6 2. d4 d5 3. Nc3 Bb4 4. e5 Qd7 5. Bd2 b6 6. Nf3 h5 7. a3 Bf8 8. Be2 Ba6
9. O-O Bxe2 10. Nxe2 Ne7 11. b3 Nbc6 12. c4 Nf5 13. cxd5 Qxd5 14. Qc2 Rc8 15.
Bg5 Be7 16. Bxe7 Ncxe7 17. Rfd1 c6 18. Nc3 Qd7 19. Ne4 Nd5 20. Qb2 O-O 21. Rac1
Rc7 22. b4 Rfc8 23. g3 Qe7 24. Qe2 g6 25. Rc2 Kg7 26. Rdc1 Qd8 27. h3 Qe7 28.
Qd2 Qd8 29. Rc4 Qe7 30. Qc2 Qd7 31. g4 hxg4 32. hxg4 Nfe7 33. Qd2 Rh8 34. Qg5
Ng8 35. Nf6 Ngxf6 36. exf6+ Nxf6 37. Qe5 Qd5 38. Kg2 Qxe5 39. Nxe5 Nd5 40. Rxc6
Rxc6 41. Rxc6 Rd8 42. Kf3 f6 43. Nc4 Kf7 44. Ne3 Ke7 45. Ke4 Kd7 46. Rc1 Nxe3
47. fxe3 Rh8 48. Rf1 Ke7 49. Rc1 1/2-1/2